[Event "Thompson Memorial op U1600"]
[Site "Dallas"]
[Date "2001.09.16"]
[Round "5"]
[White "Felkner, Curtis L"]
[Black "Leal, Mario"]
[Result "1/2-1/2"]
[WhiteElo "1400"]
[BlackElo "1303"]
[PlyCount "75"]
[EventDate "2001.09.14"]
[EventType "swiss"]
[EventRounds "5"]
[EventCountry "USA"]
[SourceTitle "EXT 2005"]
[Source "ChessBase"]
[SourceDate "2004.11.15"]
[SourceVersion "1"]
[SourceVersionDate "2004.11.15"]
[SourceQuality "1"]

1. d4 d6 2. Nf3 Bg4 3. e3 Nf6 4. Nbd2 g6 5. Be2 Bg7 6. 0-0 0-0 7. Re1 Nc6 8. c3 a5 9. e4 e5 10. d5 Bxf3 11. Bxf3 Ne7 12. c4 Nd7 13. Nf1 f5 14. Nd2 Nc5 15. Nb3 Nxb3 16. Qxb3 b6 17. Bg5 h6 18. Bd2 f4 19. Qc2 Rf6 20. a4 g5 21. b4 Qe8 22. bxa5 bxa5 23. c5 Qc8 24. cxd6 cxd6 25. Qxc8+ Nxc8 26. Rab1 Rf7 27. Rb5 Rfa7 28. Reb1 Bf6 29. Rb7 Kf8 30. Bg4 Rxb7 31. Rxb7 Be7 32. g3 Bd8 33. Bd1 Ne7 34. Kg2 Kg8 35. Bf3 Nc8 36. Rb5 Na7 37. Rb7 Nc8 38. Rb2 1/2-1/2

[Event "Thompson Memorial op U1600"]
[Site "Dallas"]
[Date "2001.09.14"]
[Round "1"]
[White "Tucker, William"]
[Black "Leal, Mario"]
[Result "0-1"]
[WhiteElo "1559"]
[BlackElo "1303"]
[PlyCount "84"]
[EventDate "2001.09.14"]
[EventType "swiss"]
[EventRounds "5"]
[EventCountry "USA"]
[SourceTitle "EXT 2005"]
[Source "ChessBase"]
[SourceDate "2004.11.15"]
[SourceVersion "1"]
[SourceVersionDate "2004.11.15"]
[SourceQuality "1"]

1. e4 d6 2. Nf3 Nf6 3. d3 g6 4. g3 Bg7 5. Bg2 0-0 6. 0-0 Nc6 7. Re1 e5 8. Bg5 Bg4 9. h3 Bxf3 10. Bxf3 Nd4 11. Bg2 Ne6 12. Be3 d5 13. exd5 Nxd5 14. Bc1 c6 15. c4 Nb4 16. Bf1 Nd4 17. Be3 Ndc2 18. Bc5 Nxd3 19. Bxd3 Nxe1 20. Be2 Qxd1 21. Bxd1 Rfd8 22. Nc3 Nd3 23. Ba3 Bf8 24. Bxf8 Kxf8 25. b3 f5 26. Bc2 e4 27. Rd1 Nb4 28. Bb1 Rxd1+ 29. Nxd1 Rd8 30. Nc3 Rd2 31. Kf1 Nd3 32. Bxd3 exd3 33. a3 Rc2 34. Nd1 Rc1 35. Ke1 Rb1 36. b4 Ra1 37. Kd2 Rxa3 38. Nc3 Rb3 39. b5 cxb5 40. cxb5 Rb2+ 41. Ke3 d2 42. Kd3 Rxb5 0-1